000
00314nam a22001337a 4500
008
171023b xxu||||| |||| 00| 0 eng d
020
_a
9780132750257
041
_a
eng
080
_2
6 ED
_a
338
100
_a
54
101
_a
MEN
245
_a
OPERATIONS RESEARCH AM INTRODUCTION
_c
TAHA.H.A
942
_2
udc
_c
BK
999
_c
35408
_d
35408